| 000 | 00394nam a2200145Ia 4500 | ||
|---|---|---|---|
| 008 | 240624s9999 xx 000 0 und d | ||
| 041 | _aeng | ||
| 082 | _a302.35 ROB | ||
| 100 | _aROBBINS STEPHEN P | ||
| 245 | _aORGANIZATION THEORY STRUCTURE DESIGN AND | ||
| 250 | _a(3rd ed.) | ||
| 260 |
_c2007 _aNew Delhi _bPrentice-Hall of India |
||
| 300 | _axxiii, : 552 : p. : cm. ; 18 | ||
| 365 |
_cRS _b40 |
||
| 999 |
_c5471 _d5471 |
||